00973nam a22002295i 4500001000700000003000900007005001700016008004100033040001400074100004100088245007000129250013400199260006200333300002500395597002100420597002400441650003000465650004800495852005500543999001900598952012600617154281ES-MaACL20250804062749.0940202s1779 it |||| | lat d aCYL bspa1 aGenovesi, Antonio,d1713-176995634710aAntonii Genuensis... Elementorum artis logico-criticae librí V. aEditio novissima ad pastrema neapolitanam ab auctore novis curis recognitam, denuo emendatam et plus tertia parte amplificatam... aBassani sed prostant Venetiis : bapud Remondini, c1779. aXVI, 352 p. ; c8º. aSign.: a8, A-Y8. aPort. con orla tip.07aFilosofía2embne912802 4aLógica-vObras anteriores a 1800.9155343 aES-MaACLjR-893 z-- Enc. perg. x Olim: G-1262 c154281d154281 001040708LIBXVIIIaATENEOMbATENEOMcDEPOd2008-01-17eSSCl0oR-893p1161331r2023-02-23 00:00:00w2023-02-23yMONANT